LEADER 01102nam a2200253 u 4500 001 000000070645 003 CaOOAMICUS 005 20070226122037.0 008 020513s1827 it u000 u ita u 035 $a10929545 040 $aPUL(R)$bita 041 1 $aita$hfre 100 1 $aEsquirol, Jean Baptiste Dominique,$d1772-1840.$0(OLS)http://pul/name/47002 245 10$aDella alienazione mentale o Della pazzia in genere e in ispecie /$cdel professor Esquirol ; versione di Luigi Calvetti. 260 $aMilano :$bcoi tipi di Felice Rusconi,$c1827- 300 $a2 v. ;$c22 cm 500 $aContiene indici. 650 4$aPazzia.$0(OLS)http://pul/subject/19527 700 1 $aCalvetti, Luigi.$0(OLS)http://pul/name/47003 850 $aPUL 852 $aPUL$W1$xDP1 Antico 800$y27$m779 C 27$j91410$nBK-PRI$b $qStampati Antico$B91410$CPULBib$Z2$F91410 $H $81 941 1 $a15 996 $6245$aDella alienazione mentale o Della pazzia in genere e in ispecie$9(OLS)http://pul/title/93102 996 $6260$aMilano :$bcoi tipi di Felice Rusconi$9(OLS)http://pul/publisher/73181 LEADER 01773nam a2200373 u 4500 001 000000008505 003 CaOOAMICUS 005 20070226105112.0 008 940516s1970 it f u000 u ita u 020 $a8802018359 035 $a10219064 040 $aPUL(R)$bita 100 1 $aKant, Immanuel,$d1724-1804.$0(OLS)http://pul/name/8154 245 10$aScritti morali :$bFondazione della metafisica dei costumi. Critica della Ragion pratica. La religione nei limiti della semplice ragione. Antropologia /$ca cura di Pietro Chiodi. 260 $aTorino :$bUTET,$c1970. 300 $a771 p. :$btav. ;$c24 cm 490 1 $aClassici della filosofia 490 1 $aClassici UTET 700 1 $aChiodi, Pietro,$d1915-$0(OLS)http://pul/name/5738 740 0 $aCritica della ragion pratica. 740 3 $aLa religione nei limiti della semplice ragione. 740 0 $aAntropologia. 830 0$aClassici UTET.$0(OLS)http://pul/title/1243 830 0$aClassici della filosofia (UTET).$0(OLS)http://pul/title/8314 850 $aPUL 852 $aPUL$W1$xSL Filosofia 1$y2$m87 M$j11526$nBK-PRI$b $qStampati$B12015$CPULBib$Z2$F12015 $H $81 941 1 $a8 961 $aINV: 52250 996 $6020$a8802018359$9(OLS)http://pul/number/10983 996 $6245$aScritti morali :$bFondazione della metafisica dei costumi. Critica della Ragion pratica. La religione nei limiti della semplice ragione. Antropologia$9(OLS)http://pul/title/12489 996 $6740$aCritica della ragion pratica$9(OLS)http://pul/title/12490 996 $6740$aLa religione nei limiti della semplice ragione$9(OLS)http://pul/title/12491 996 $6740$aAntropologia$9(OLS)http://pul/title/12492 996 $6260$aTorino :$bUTET$9(OLS)http://pul/publisher/48088